| 000 | 00501nam a2200217 a 4500 | ||
|---|---|---|---|
| 999 |
_c32938 _d32938 |
||
| 001 | 32938 | ||
| 003 | Mx-PuUPA | ||
| 005 | 20190617091152.0 | ||
| 008 | 140415s2007 mx 000 0 spa d | ||
| 020 | _a9789706125826 | ||
| 040 | _cMx-PuUPA | ||
| 041 | _aspa | ||
| 082 |
_a265.5 _bBEN |
||
| 100 | 1 | _aBENEDICTO, PAPA | |
| 245 | 1 | 3 | _aEL SACRAMENTO DEL AMOR |
| 250 | _a5A EDICION | ||
| 260 |
_aMEXICO : _bSAN PABLO, _c2007 |
||
| 300 |
_a126 _c12 x 1 x 21 |
||
| 650 | 1 | 4 | _aRELIGION |
| 942 |
_2ddc _cLI |
||